| 000 | 00000nas##2200000za#4500 |
| 001 | 9.506455 |
| 003 | CaOODSP |
| 005 | 20240527135424 |
| 007 | cr ||||||||||| |
| 008 | 150406c2000||||xxc|| p o||||f| |0eng|d |
| 022 | |a1700-8271 |
| 040 | |aCaOODSP|beng |
| 043 | |an-cn--- |
| 086 | 1 |aCW70-3E-PDF |
| 110 | 2 |aCanadian Wildlife Service. |
| 245 | 10|aAnnual report - Recovery of Nationally Endangered Wildlife / |h[electronic resource]|c[issued by the] Canadian Endangered Species Conservation Council. |
| 246 | 1 |iVariant title : |aRENEW report |
| 260 | |aOttawa - Ontario : |bEnvironment Canada. |
| 310 | |aAnnual |
| 362 | 1 |a[No.] 10 (1999-2000) - [no.] 12 (2001-2002) |
| 690 | 07|aEndangered species|2gcpds |
| 775 | 08|tRapport annuel, rétablissement des espèces canadiennes en péril.|w(CaOODSP)9.502851 |
| 780 | 00|tRENEW report |w(CaOODSP)9.507124 |
| 785 | 00|tRENEW annual report - Recovery of Nationally Endangered Wildlife / |w(CaOODSP)9.500573 |